Banky a úvery. Spracované podľa diplomovej práce "Úverová politika slov. bánk vzhľadom na hospodársko-politické štrukturálne zmeny".

Preklad diplomovej práce študenta Vysokej školy v švajčiarskom St. Gallene. Z obsahu: Proces realokácie národohospodárskeho kapitálu na príklade býv. ČSFR. Bankový systém v historickom pohľade. Štát dlžník, podnik veriteľ - charakteristika zdedeného bankového systému spred r. 1990. Rámcové podmienky...

Full description

Saved in:
Bibliographic Details
Main Author: Virsík, P.-M
Format: Book Chapter
Language:Slovak
Subjects:
Tags: Add Tag
No Tags, Be the first to tag this record!

MARC

LEADER 00000naa a2200000 4500
001 r013005
005 20221214064857.4
041 0 |a slo 
044 |a SK 
245 1 0 |a Banky a úvery.  |b Spracované podľa diplomovej práce "Úverová politika slov. bánk vzhľadom na hospodársko-politické štrukturálne zmeny".  |c P.-M. Virsík 
520 |a Preklad diplomovej práce študenta Vysokej školy v švajčiarskom St. Gallene. Z obsahu: Proces realokácie národohospodárskeho kapitálu na príklade býv. ČSFR. Bankový systém v historickom pohľade. Štát dlžník, podnik veriteľ - charakteristika zdedeného bankového systému spred r. 1990. Rámcové podmienky úverovej politiky slovenských bánk, minimálne šance na nové úvery. Úverové riziká. Overovanie úverovej bonity. Právo banky zasahovať do rozhodovania podnikov chýba. Vzťah bankovej a hospodárskej reformy, 8 krokov potrebných na vytvorenie podmienok pre efektívne úvery. 
610 2 0 |a bankovníctvo 
610 2 0 |a banky 
610 2 0 |a úver bankový 
610 2 0 |a ČSSR 
610 2 0 |a ČSFR 
610 2 0 |a Čechy 
610 2 0 |a Slovensko 
610 2 0 |a sústava banková 
610 2 0 |a trh finančný 
610 2 0 |a reformy hospodárske 
610 2 0 |a riziko 
610 2 0 |a štát 
610 2 0 |a úrok 
610 2 0 |a politika peňažná 
610 2 0 |a legislatíva 
610 2 0 |a rating 
610 2 0 |a záruka 
610 2 0 |a manažment 
100 1 |a Virsík, P.-M.